000 00693nam a22001937a 4500
999 _c16422
_d16422
003 AR-CdUCM
008 190225b ||||| |||| 00| 0 spa d
040 _aMUNICIPALIDAD PROVINCIAL DEL CUSCO
_cBIBLIOTECA MUNICIPAL DEL CUSCO
082 _a500 /
_bP86
100 _aPrice, Don K..
_935859
245 _aEl imperio de la ciencia /
260 _bRoble,
_c1967.
_aMéxico :
300 _a323 paginas ;
_c19 cm.
505 _aContenido :Escape de la frontera -- Fusión del poder económico -- Difusión de la soberanía -- Disidentes establecidos -- Relatividad constitucional ...
650 _aImperio.
_94567
650 _aCiencia.
_92098
942 _2ddc
_cLIBROS
945 _arum
_d2019-05-03